000 00417 a2200133 4500
001 91599
082 _aPR 1566
090 _c43752
_d43751
100 _aAbdus Salam; Prof Abdul Rehman and Farid Gul, Advisors
245 _aTo Interface PC with EMS-601 Exchange to Monitor for Automated Billing and Analysis Purposes
_n54 "B" EC
260 _aRawalpindi
_bNUST
_c2001
300 _a73p
500 _aBE Project Reports
942 _aCAE NUST
_kPR 1566
999 _c326672
_d326672